000 00991cam a2200277 4500
001 L104022
008 000000n2000 000 0 eng u
020 _a0101454821
035 _a(Sirsi) u104022
041 _aeng
050 _a614.7
_c18
110 _aUnited Kingdom
_bDepartment of the Environment, Transport and the Regions
_93507
245 4 _aThe air quality strategy for England, Scotland, Wales and Northern Ireland
_bworking together for clean air
260 _aLondon
_bDETR
_c2000
300 _a192p.
_bill.
_c30cm.
350 _a20
490 _aCm
_v4548
490 _aSE
_v2000/3
490 _aNIA
_v7
690 _aENVIRONMENTAL AND LAND CONSULTANCY-ENVIRONMENTAL MANAGEMENT
710 _aScottish Executive
_93811
710 _aNAFW
_93812
710 _aDepartment of the Environment for Northern Ireland
_9175
856 _uhttps://www.defra.gov.uk/environment/airquality/strategy/index.htm
_zView the strategy free of charge at www.defra.gov.uk...
942 _n0
999 _c100197
_d100197